Lanean...

Famine of 1896-1897 in Bengal: availability or entitlement crisis /

Xehetasun bibliografikoak
Beste egile batzuk: Malabika Chakrabarti
Formatua: Printed Book
Hizkuntza:English
Argitaratua: New Delhi: Orient Longman, 2004.
Gaiak:
LEADER 00627cam a2200193ua 4500
008 120327t2004||||||||||| 00 ||eng c
041 0 |a eng 
082 |a 363.8  |b MAL/F 
245 0 0 |a Famine of 1896-1897 in Bengal: availability or entitlement crisis /  
260 |a New Delhi:  |b Orient Longman,  |c 2004. 
300 |a 541p.. 
362 1 |a 2004. 
650 |a Social problems and services 
650 0 |a Famine 
650 0 |a Famines-Bengal 
700 0 2 |a Malabika Chakrabarti,  
942 |c BK 
999 |c 26841  |d 26841 
952 |0 0  |1 0  |4 0  |6 363_800000000000000_MAL  |7 0  |9 28596  |a KUCL  |b KUCL  |d 2014-05-23  |l 0  |o 363.8 MAL/  |p 28482  |r 2014-05-23  |w 2014-05-23  |y BK